The architecture of school improvement: lessons learned
Saved in:
| Main Author: | |
|---|---|
| Format: | Book |
| Language: | English |
| Published: |
Corwin/ Sage Publications,
2013
|
| Tags: |
Add Tag
No Tags, Be the first to tag this record!
|
MARC
| LEADER | 00000nam a22000007a 4500 | ||
|---|---|---|---|
| 008 | 210125b ||||| |||| 00| 0 eng d | ||
| 020 | |a 978-1-4522-6822-4 | ||
| 100 | |a MURPHY, Joseph | ||
| 245 | |a The architecture of school improvement: |b lessons learned |c Joseph Murphy |g xi,123p.; ill. | ||
| 260 | |b Corwin/ Sage Publications, |c 2013 |h Thousand Oaks, California: |i 692834 |i 692835 |l LB2822.82 .M95 |m School improvement programs – United States. | ||
| 500 | |a “It includes references and index”. | ||
| 942 | |a lcc |c BK |e Adeniran, F. A |f 25/01/2021 | ||
| 999 | |c 945 |d 945 | ||